<?xml version="1.0" encoding="UTF-8"?>
<record
    xmlns:xsi="http://www.w3.org/2001/XMLSchema-instance"
    xsi:schemaLocation="http://www.loc.gov/MARC21/slim http://www.loc.gov/standards/marcxml/schema/MARC21slim.xsd"
    xmlns="http://www.loc.gov/MARC21/slim">

  <leader>01106nam a2200241 a 4500</leader>
  <controlfield tag="001">BRCA_8793</controlfield>
  <controlfield tag="005">20190320210419.0</controlfield>
  <controlfield tag="008">190417s1785----sp-#######---#000-0#spa-#</controlfield>
  <datafield tag="041" ind1=" " ind2=" ">
    <subfield code="a">lat</subfield>
  </datafield>
  <datafield tag="044" ind1=" " ind2=" ">
    <subfield code="a">spa</subfield>
  </datafield>
  <datafield tag="084" ind1=" " ind2=" ">
    <subfield code="a">BE173</subfield>
    <subfield code="b">.V55 1785</subfield>
  </datafield>
  <datafield tag="100" ind1="1" ind2=" ">
    <subfield code="a">Villanu&#xF1;o, Mathie de (O.S.B)</subfield>
    <subfield code="9">21922</subfield>
  </datafield>
  <datafield tag="245" ind1="1" ind2="0">
    <subfield code="a">Summa Conciliorum Hispanie</subfield>
    <subfield code="b">quotquot inveniri potuerunt ad usque saeculum prosim&#xE9; praeteritum, epistolarum ad hispanos cum earum delectu, notis novisque dissertattionibus adornata</subfield>
    <subfield code="c">opera et studio P.M.F. Mathie de Villanu&#xF1;o...</subfield>
  </datafield>
  <datafield tag="260" ind1=" " ind2=" ">
    <subfield code="a">Matriti</subfield>
    <subfield code="b">Apub Joachimum Ibarrada, S.C.R.M. Typograph</subfield>
    <subfield code="c">1785</subfield>
  </datafield>
  <datafield tag="300" ind1=" " ind2=" ">
    <subfield code="a">VI, 495 p. (t.2)</subfield>
    <subfield code="c">20.5 x 15 cm.</subfield>
  </datafield>
  <datafield tag="500" ind1=" " ind2=" ">
    <subfield code="a">Superiorum permissu</subfield>
  </datafield>
  <datafield tag="500" ind1=" " ind2=" ">
    <subfield code="a">Estado f&#xED;sico: presenta encuadernaci&#xF3;n en pergamino, con cintas rotas, algunas hojas manchadas y con una firma en el canto superior</subfield>
  </datafield>
  <datafield tag="650" ind1="1" ind2="4">
    <subfield code="a">Concilios y s&#xED;nodos</subfield>
    <subfield code="x">Historia</subfield>
    <subfield code="y">Obras anteriores a 1800</subfield>
    <subfield code="z">Espa&#xF1;a</subfield>
    <subfield code="9">21923</subfield>
  </datafield>
  <datafield tag="650" ind1="1" ind2="4">
    <subfield code="a">Historia religiosa</subfield>
    <subfield code="y">Obras abteriores a 1800</subfield>
    <subfield code="z">Espa&#xF1;a</subfield>
    <subfield code="9">21924</subfield>
  </datafield>
  <datafield tag="700" ind1="1" ind2=" ">
    <subfield code="a">Ibarra, Joaquin</subfield>
    <subfield code="d">1725 - 1785</subfield>
    <subfield code="e">Impresor</subfield>
    <subfield code="9">21271</subfield>
  </datafield>
  <datafield tag="902" ind1=" " ind2=" ">
    <subfield code="a">CFM</subfield>
  </datafield>
  <datafield tag="942" ind1=" " ind2=" ">
    <subfield code="2">lcc</subfield>
    <subfield code="c">B</subfield>
  </datafield>
  <datafield tag="999" ind1=" " ind2=" ">
    <subfield code="c">8444</subfield>
    <subfield code="d">8444</subfield>
  </datafield>
  <datafield tag="952" ind1=" " ind2=" ">
    <subfield code="0">0</subfield>
    <subfield code="1">0</subfield>
    <subfield code="4">0</subfield>
    <subfield code="7">0</subfield>
    <subfield code="a">BRCA</subfield>
    <subfield code="b">BRCA</subfield>
    <subfield code="d">2017-04-19</subfield>
    <subfield code="l">0</subfield>
    <subfield code="o">BE173 .V55 1785</subfield>
    <subfield code="p">CFM00120</subfield>
    <subfield code="r">2019-03-22 00:00:00</subfield>
    <subfield code="w">2019-03-22</subfield>
    <subfield code="y">B</subfield>
  </datafield>
</record>
